000 00437nam a2200181Ia 4500
001 43943
008 140425s9999 xx 000 0 und d
020 _aNA
040 _cPK-LaUMT
082 _aRHC 320.531
_bKAU-S
100 _aKauab Siddiq
245 _aSocialism and democracy
_cKauab Siddiq
260 _aKarachi,Pakistan:
_bNew Era Publications,
_c1969
300 _a20 p.
546 _aEN
650 _aDemocracy
942 _cBK
999 _c41943
_d41943